000 00680nam a2200205Ii 4500
003 JO-AjNU
008 230605s9999||||xx |||||||||||||| ||und||
017 _a2011/3/1053
040 _aJO-AjNU
_bara
_erda
_cJO-AjNU
041 _aara
050 1 4 _aPJ7840.I2.T83 2011
100 3 _aتأليف جداية، عبد الرحيم سليمان,
_eauthor
_947743
245 0 0 _aطفولة حرف: ومضات
264 3 1 _aعمان:مكتبة الجامعة،2011
300 _a103ص
336 _atext
_btxt
_2rdacontent
337 _aunmediated
_bn
_2rdamedia
338 _avolume
_bnc
_2rdacarrier
650 4 _aالشعر العربي -العصر الحديث - الأردن
_947744
999 _aA20863
_c24431
_d24431